000 00767nam a2200241Ia 4500
003 OSt
005 20220925194125.0
006 a|||||r|||| 00| 0
007 ta
008 220923b |||||||| |||| 00| 0 eng d
037 _cGeneral Book
040 _aRTL
_cRTL
_beng
041 _2eng
_aeng
082 _aX:(G:55), N7/TD3
100 _aCarraro Carlo Ed.
_9250390
245 0 _aNew directions in the economic theory of the environment
260 _aCambridge
_bCambridge University Press USA
_c1996
300 _aviii, 564p
_ccm.
500 _aBibliography chapterwise
700 _a Siniscalco Domenico Ed.
_9250391
942 _hX:(G:55), N7/TD3
_cGB
_2CC
999 _c528321
_d528321